00250nam a2200085 a 450000500170000000800410001705000250005824500610008326000200014420140414131933.0110108s19uu xx 00 eng d aREF 413.21bEu7 2003 aEuropean phrase book. /cby the staff of Berlitz Guides. bBerlitz,c2003.